[Event "19th Belgrade Trophy"]
[Site "Belgrade SRB"]
[Date "2006.11.23"]
[Round "2"]
[White "Jokic,Mio"]
[Black "Pavlovic,Milo"]
[Result "1/2-1/2"]
[WhiteElo "2168"]
[BlackElo "2507"]

1.d4 Nf6 2.c4 e6 3.Nf3 Bb4+ 4.Bd2 Qe7 5.a3 Bxd2+ 6.Qxd2 a5 7.Nc3 O-O 8.e4 d6
9.Be2 e5 10.O-O Nc6 11.d5 Nb8 12.b4 Rd8 13.Rfd1 Nbd7 14.Rac1 axb4 15.axb4 Nf8
16.Ne1 Ng6 17.Nd3 Bd7 18.Qe3 Ne8 19.c5 f5 20.f3 Nf6 21.b5 fxe4 22.fxe4 Bg4
23.b6 cxb6 24.cxd6 Qxd6 25.Nb5 Qd7 26.Bxg4 Qxb5 27.Be6+ Kh8 28.Bf5 Re8 29.Bxg6 hxg6
30.Qg5 Rac8 31.Rxc8 Rxc8 32.Qxg6 Qb3 33.Nf2 Qe3  1/2-1/2

[Event "73rd ch-BRA"]
[Site "Guarulhos BRA"]
[Date "2006.11.26"]
[Round "4"]
[White "Milos,G"]
[Black "Diamant,A"]
[Result "1-0"]
[WhiteElo "2563"]
[BlackElo "2396"]

1.d4 Nf6 2.Nf3 e6 3.c4 Bb4+ 4.Bd2 Qe7 5.g3 Nc6 6.Bg2 Bxd2+ 7.Nbxd2 d6 8.O-O e5
9.d5 Nb8 10.e4 Bg4 11.Qb3 b6 12.Nh4 g5 13.Nhf3 Bxf3 14.Qxf3 Rg8 15.b4 Nbd7
16.Rfc1 a5 17.a3 Kf8 18.Nf1 g4 19.Qe2 Rg5 20.Ne3 Kg8 21.Nf5 Rxf5 22.exf5 e4
23.Re1 Re8 24.Qd2 Qe5 25.Qf4 Qd4 26.Rad1 Qxc4 27.Rc1 Qxd5 28.Rxc7 axb4 29.axb4 Qe5
30.Qg5+ Kh8 31.Rec1 d5 32.Rc8 d4 33.Rxe8+ Qxe8 34.Qf4 Ne5 35.h3 d3 36.Qg5 Ned7
37.hxg4 Qf8 38.Qf4 Qxb4 39.Rc8+ Nf8 40.Qh6 Qe1+ 41.Bf1 Qxf2+ 42.Kxf2 Nxg4+
43.Ke1 Nxh6 44.f6 Kg8 45.Bh3 e3 46.g4 b5 47.g5 b4 48.gxh6 b3 49.Bf5 b2 50.Bxd3 e2
51.Kxe2  1-0

[Event "73rd ch-BRA"]
[Site "Guarulhos BRA"]
[Date "2006.11.28"]
[Round "6"]
[White "Leitao,R"]
[Black "Diamant,A"]
[Result "1-0"]
[WhiteElo "2601"]
[BlackElo "2396"]

1.d4 Nf6 2.Nf3 e6 3.c4 Bb4+ 4.Bd2 Qe7 5.g3 Nc6 6.Nc3 Bxc3 7.Bxc3 Ne4 8.Rc1 O-O
9.Bg2 d6 10.O-O Nxc3 11.Rxc3 e5 12.d5 Nd8 13.Nd2 f5 14.c5 Nf7 15.cxd6 cxd6
16.Qb3 b6 17.Qa3 Bb7 18.Rfc1 Rfc8 19.e4 Rc5 20.exf5 Qg5 21.Rxc5 bxc5 22.Qe3 Qxf5
23.b4 cxb4 24.Rc7 Ba6 25.Ne4 Rf8 26.h3 h6 27.h4 h5 28.Kh2 Bc8 29.Qxa7 Qg6
30.Qb6 Bf5 31.Qxb4 Nh6 32.Kg1 Bxe4 33.Qxe4 Qf6 34.Qc2 Nf5 35.Rc8 Nd4 36.Rxf8+ Kxf8
37.Qd1 g6 38.a4 Qd8 39.Qd2 Kg7 40.Qg5 Qa5 41.Qe7+ Kh6 42.Qf8+ Kh7 43.Qf7+ Kh6
44.Qg8 Qc7 45.Qh8+ Qh7 46.Qf8+ Qg7 47.Qxd6 Nf5 48.Qb8 Qf6 49.a5 g5 50.hxg5+ Kxg5
51.Qxe5 Qxe5 52.f4+ Kf6 53.fxe5+ Kxe5 54.a6  1-0

[Event "19th Belgrade Trophy"]
[Site "Belgrade SRB"]
[Date "2006.11.29"]
[Round "8"]
[White "Nenadovic,L"]
[Black "Bergsson,Sn"]
[Result "1-0"]
[WhiteElo "2196"]
[BlackElo "2334"]

1.d4 Nf6 2.c4 e6 3.Nf3 Bb4+ 4.Bd2 Qe7 5.g3 Nc6 6.Bg2 Bxd2+ 7.Nbxd2 d6 8.O-O O-O
9.h3 e5 10.d5 Nb8 11.e4 a5 12.b3 Na6 13.Qc2 c6 14.a3 Bd7 15.dxc6 Bxc6 16.Rfe1 Rfc8
17.Qb2 Nc5 18.Qb1 b5 19.cxb5 Bxb5 20.Bf1 Bxf1 21.Kxf1 Rcb8 22.Re3 Rb7 23.Qd1 Ne8
24.Rb1 Rab8 25.Kg2 Rb5 26.Nc4 Qe6 27.Qc2 Qc8 28.Nfd2 Ne6 29.Rc3 Nd4 30.Qd3 Qb7
31.Ne3 Nf6 32.f3 Nd7 33.Nd5 Nc5 34.Qe3 h6 35.h4 Nde6 36.Kh2 Qa6 37.f4 exf4
38.gxf4 R5b7 39.f5 Nf8 40.f6 Nce6 41.fxg7 Ng6 42.h5 Ne5 43.Rg1 Ng5 44.Kh1 Qa7
45.Rxg5 hxg5 46.Qxg5 f6 47.Nxf6+ Kf7 48.g8=Q+ Rxg8 49.Nxg8 Qf2 50.Qf5+ Qxf5
51.Nh6+ Kf6 52.Nxf5 Rh7 53.h6 d5 54.Rh3 dxe4 55.Ne3 Nd3 56.Nxe4+ Ke5 57.Rh4 Rd7  1-0

[Event "Capablanca mem Open"]
[Site "Havana CUB"]
[Date "2006.11.29"]
[Round "9"]
[White "Almeida,O"]
[Black "Quezada,Y"]
[Result "1/2-1/2"]
[WhiteElo "2500"]
[BlackElo "2515"]

1.d4 Nf6 2.Nf3 e6 3.c4 Bb4+ 4.Bd2 c5 5.Bxb4 cxb4 6.g3 O-O 7.Bg2 d6 8.Nbd2 Re8
9.Nf1 Qc7 10.Ne3 Nbd7 11.O-O  1/2-1/2

[Event "19th Belgrade Trophy"]
[Site "Belgrade SRB"]
[Date "2006.11.30"]
[Round "9"]
[White "Nenadovic,L"]
[Black "Bogosavljevic,B"]
[Result "0-1"]
[WhiteElo "2196"]
[BlackElo "2375"]

1.d4 Nf6 2.c4 e6 3.Nf3 Bb4+ 4.Bd2 Bxd2+ 5.Qxd2 b6 6.g3 Bb7 7.Bg2 O-O 8.O-O d6
9.Nc3 Nbd7 10.Rad1 Qe7 11.Qc2 c5 12.e4 cxd4 13.Nxd4 a6 14.Qe2 Qd8 15.Rfe1 Qc7
16.Nc2 Ne5 17.Ne3 Rfd8 18.Rc1 Rac8 19.b3 Qb8 20.f4 Ned7 21.Ng4 Nxg4 22.Qxg4 Bc6
23.f5 Ne5 24.Qd1 b5 25.cxb5 axb5 26.fxe6 fxe6 27.Bh3 Re8 28.b4 Bd7 29.Bg2 Rc4
30.Qd2 Rxb4 31.Rf1 Rc4 32.h3 Rec8 33.Ne2 Qb6+ 34.Kh2 Rxc1 35.Nxc1 b4 36.Ne2 h6
37.Rb1 Qf2 38.Qd1 Nc4 39.Qe1 Qxe1 40.Rxe1 Ne3 41.Bf3 Rc2 42.Kg1 Rxa2 43.Rb1 Nc2
44.Nc1 Ra1 45.Rxa1 Nxa1 46.Kf2 b3 47.Nd3 Bb5 48.Nb2 Nc2 49.Be2 Bxe2 50.Kxe2 Nd4+
51.Kd3 e5 52.Kc4 Kf7 53.Kd5 Ke7 54.g4 g5 55.Nc4 Nc2 56.Kc6 Nb4+ 57.Kb5 Nd3
58.Nd2 b2 59.Kc4 Nf2  0-1

[Event "90th ch-Marshall CC"]
[Site "New York USA"]
[Date "2006.12.01"]
[Round "1"]
[White "Zenyuk,I"]
[Black "Hess,Ro"]
[Result "1/2-1/2"]
[WhiteElo "2192"]
[BlackElo "2394"]

1.d4 Nf6 2.Nf3 e6 3.c4 Bb4+ 4.Bd2 Qe7 5.g3 Nc6 6.Nc3 O-O 7.Bg2 Bxc3 8.Bxc3 Ne4
9.Rc1 a5 10.O-O Nxc3 11.Rxc3 d6 12.d5 Nb4 13.a3 Na6 14.Ne1 Rb8 15.Nd3 e5
16.b4 e4 17.Nf4 f5 18.f3 b5 19.fxe4 axb4 20.axb4 bxc4 21.Rxc4 Rxb4 22.Rxb4 Nxb4
23.Qd4 Na6 24.exf5 Bxf5 25.e4 Bd7 26.Nd3 Rxf1+ 27.Bxf1 Bb5 28.Nf4 Bxf1 29.Kxf1 Nc5
30.Kg2 g5 31.Nh5 Qxe4+ 32.Qxe4 Nxe4 33.Kf3 Nc3 34.Nf6+ Kf7 35.Nxh7 Kg6 36.Nf8+ Kh5
37.Ne6 Nxd5 38.Ke4 c6 39.Kf5 Ne3+ 40.Kf6 Ng4+ 41.Kf5 Nxh2 42.Nxg5 Ng4 43.Ke6 d5
44.Nf3 Ne3 45.Kd6 Kg4 46.Nd4 Kxg3 47.Kxc6 Kf4 48.Nc2  1/2-1/2

[Event "XV Asiad Men's Rapid"]
[Site "Doha QAT"]
[Date "2006.12.03"]
[Round "5"]
[White "Laylo,D"]
[Black "Moradiabadi,E"]
[Result "1/2-1/2"]
[WhiteElo "2448"]
[BlackElo "2539"]

1.d4 Nf6 2.c4 e6 3.Nf3 Bb4+ 4.Bd2 a5 5.g3 b6 6.Bg2 Bb7 7.O-O O-O 8.a3 Bxd2
9.Nbxd2 d6 10.Qc2 Nbd7 11.e4 e5 12.b4 exd4 13.Nxd4 Re8 14.b5 Nc5 15.Rae1 Nfd7
16.f4 Qe7 17.Nf5 Qf8 18.Ne3 g6 19.Nd5 Bxd5 20.cxd5 Qg7 21.Nf3 Re7 22.Re2 Rae8
23.Rfe1 a4 24.Qc4 Qf6 25.Qd4 Qxd4+ 26.Nxd4 f6 27.Nc6 Rf7 28.Bh3 Nf8 29.Re3 h5
30.Bf1 Nfd7 31.Bc4 Kg7 32.Nd4 Rfe7 33.Ne6+ Kh6 34.Ba2 Nf8 35.f5 g5 36.Bb1 Rc8
37.Bc2 Nfd7 38.Rd1 Ne5 39.Rd4 Ra8 40.h3 Ra5 41.Rb4 Kh7 42.Kg2 Kg8 43.h4 g4
44.Nf4 Rh7 45.Rc3 Kf7 46.Bd1 Ke8 47.Be2 Kd7 48.Kf2 Rh8 49.Ke3 Raa8 50.Bd1 Ra5
51.Be2 Kc8 52.Bd1 Kb7 53.Be2 Raa8 54.Bd1  1/2-1/2

[Event "FSGM December"]
[Site "Budapest HUN"]
[Date "2006.12.09"]
[Round "8"]
[White "Rombaldoni,D"]
[Black "Ilincic,Z"]
[Result "1/2-1/2"]
[WhiteElo "2377"]
[BlackElo "2451"]

1.d4 Nf6 2.c4 e6 3.Nf3 Bb4+ 4.Bd2 c5 5.Bxb4 cxb4 6.Qd3 O-O 7.e4 d6 8.Nbd2 Qc7
9.Be2 b6 10.O-O e5 11.a3 bxa3 12.b4 Nc6 13.Rfb1 a5 14.Rxa3 Bg4 15.bxa5 bxa5
16.Rc1 exd4 17.Nxd4 Nxd4 18.Bxg4 Qc5 19.Bd1 Nd7 20.Rca1 Ne5 21.Qc3 Nec6 22.Nf3 Nxf3+
23.Bxf3 Rab8 24.e5 Nxe5 25.Bd5 Rb4 26.h3 Nxc4 27.Bxc4 Rxc4 28.Qxa5 Rc1+ 29.Rxc1 Qxc1+
30.Kh2 Qc5 31.Qa6 d5 32.Rd3 d4 33.Qa1 Rd8 34.Qe1 g6 35.Qe4 Kg7 36.f4 Qd5
37.Qxd5 Rxd5 38.Kg3 Kf6 39.Kf3 Ke6 40.Rd2 h5 41.Ke4 f5+ 42.Kd3 h4 43.Rf2 Rd6
44.Ra2 Kf6 45.Rf2 g5 46.fxg5+ Kxg5 47.Rf3 Rd8 48.Rf2 Kf6 49.Rf4 Ke5 50.Rxh4 Ra8
51.Rh7 Ra3+ 52.Ke2 Ra2+ 53.Kf3 Ra3+ 54.Ke2 Re3+ 55.Kf2 Re4 56.Rd7 Rh4 57.Kf3 Rh8
58.Re7+ Kd5 59.Rd7+ Kc4 60.Kf4 Rf8 61.h4 Rh8 62.g4 fxg4 63.Kxg4 d3 64.h5  1/2-1/2

[Event "90th ch-Marshall CC"]
[Site "New York USA"]
[Date "2006.12.09"]
[Round "6"]
[White "Zenyuk,I"]
[Black "Rabin,E"]
[Result "1-0"]
[WhiteElo "2192"]
[BlackElo "2028"]

1.d4 Nf6 2.Nf3 e6 3.c4 Bb4+ 4.Bd2 Qe7 5.g3 Nc6 6.Nc3 Bxc3 7.Bxc3 Ne4 8.Rc1 a5
9.Bg2 Nxc3 10.Rxc3 d6 11.O-O O-O 12.d5 Nb4 13.a3 Na6 14.b3 e5 15.Qb1 Nc5
16.b4 Nd7 17.Re3 Qd8 18.Qc2 f5 19.c5 f4 20.Rc3 Nf6 21.Ng5 Qe8 22.cxd6 cxd6
23.Rc1 fxg3 24.hxg3 Qh5 25.Rxc8 Qxg5 26.Rxa8 Rxa8 27.Bh3 h5 28.e3 h4 29.Qf5 Qxf5
30.Bxf5 hxg3 31.fxg3 axb4 32.axb4 Ne8 33.g4 Ra4 34.Bd7 Ra8 35.Kg2 Kf8 36.g5 Ke7
37.Be6 Ra2+ 38.Kg3 Ra3 39.Rf1 Rxe3+ 40.Kg2 Re2+ 41.Kg1 Nc7 42.Rf7+ Kd8 43.Rxg7 Nxe6
44.dxe6 Re4 45.g6 Rg4+ 46.Kf2 b5 47.Rd7+ Ke8 48.g7 e4 49.Rf7 d5 50.Rf8+ Ke7
51.g8=Q  1-0

[Event "6th Amplico AIG Life"]
[Site "Warsaw POL"]
[Date "2006.12.16"]
[Round "2"]
[White "Halkias,S"]
[Black "Kozak,Ma"]
[Result "1-0"]
[WhiteElo "2571"]
[BlackElo "2205"]

1.d4 Nf6 2.c4 e6 3.Nf3 Bb4+ 4.Bd2 a5 5.g3 b6 6.Bg2 Bb7 7.O-O O-O 8.Bg5 Be7
9.Nc3 h6 10.Bxf6 Bxf6 11.e3 d6 12.Rc1 Nd7 13.Nd2 g6 14.Qf3 Bg7 15.Nb5 e5
16.Rfd1 Kh7 17.Qc6 Rc8 18.Nf3 Nb8 19.Qxb7 c6 20.Nc3 Re8 21.c5 bxc5 22.dxc5 d5
23.e4 Re7 24.Qb3 d4 25.Na4 Nd7 26.Qd3 Rb8 27.b3 Qc7 28.Nd2 Rb5 29.Rc2 Bf8
30.h4 Re6 31.Rdc1 Qa7 32.h5 Nxc5 33.hxg6+ fxg6 34.Qf3 Kg7 35.Nxc5 Rxc5 36.Rxc5 Bxc5
37.Qg4 Rf6 38.Nf3 Qe7 39.Ne1 Bb4 40.Nd3 Bc3  1-0

[Event "6th Amplico AIG Life"]
[Site "Warsaw POL"]
[Date "2006.12.16"]
[Round "6"]
[White "Krzesaj,R"]
[Black "Moiseenko,A1"]
[Result "0-1"]
[WhiteElo "2308"]
[BlackElo "2632"]

1.d4 Nf6 2.Nf3 e6 3.c4 Bb4+ 4.Bd2 c5 5.Bxb4 cxb4 6.g3 O-O 7.Bg2 d6 8.Nbd2 Nc6
9.Nf1 e5 10.dxe5 dxe5 11.Qxd8 Rxd8 12.Ne3 h6 13.Rd1 Be6 14.O-O Kf8 15.Nd2 Nd4
16.Rfe1 Rd7 17.Ne4 Nxe4 18.Bxe4 Rc8 19.Rc1 b5 20.b3 bxc4 21.Nxc4 Bxc4 22.bxc4 f5
23.Bg2 e4 24.e3 Ne6 25.Bh3 g6 26.Bf1 Nc5 27.Red1 Rcd8 28.Rd5 Rxd5 29.cxd5 Rxd5
30.Bc4 Rd7 31.Bb5 Rc7 32.Rd1 Ke7 33.Rc1 a5 34.h4 Ne6 35.Rd1 Nc5 36.Rc1 Kd6
37.Rd1+ Nd3 38.Bxd3 exd3 39.Rxd3+ Kc5 40.Kf1 a4 41.Ke2 Kb5 42.Kd2 h5 43.Rd5+ Rc5
44.Rd3 Rc6 45.Rd5+ Kc4 46.Rd4+ Kc5 47.Kc2 Rd6 48.Rf4 Kb5 49.Rf3 Rc6+ 50.Kb2 Rc4
51.Rf4 Rxf4 52.gxf4 Kc4 53.Kc2 b3+ 54.axb3+ axb3+ 55.Kb2 Kd3 56.Kxb3 Ke2
57.Kc3 Kxf2 58.Kd4 Kf3 59.Kd3 Kg4 60.Ke2 Kxh4  0-1

[Event "6th Amplico AIG Life"]
[Site "Warsaw POL"]
[Date "2006.12.16"]
[Round "7"]
[White "Jaracz,P"]
[Black "Shkapenko,P"]
[Result "0-1"]
[WhiteElo "2476"]
[BlackElo "2382"]

1.d4 Nf6 2.Nf3 e6 3.c4 Bb4+ 4.Bd2 Qe7 5.g3 Nc6 6.e3 Bxd2+ 7.Nfxd2 d6 8.Nc3 e5
9.d5 Nb8 10.b4 O-O 11.Bg2 a5 12.a3 Na6 13.O-O Bg4 14.Qb3 Qd7 15.c5 axb4 16.axb4 dxc5
17.bxc5 Nxc5 18.Qb4 Rxa1 19.Rxa1 b6 20.Ra7 Bh3 21.Bf3 Rc8 22.e4 Qd8 23.Nc4 Nfd7
24.Nb5 Ra8 25.Qa3 Rc8 26.Qc3 f6 27.Qa3 Nf8 28.Qa2 Kh8 29.Ne3 Bd7 30.Nc3 Ng6
31.h4 Ne7 32.Nc4 b5 33.Ne3 Rb8 34.Qa5 Nb7 35.Qb4 Nd6 36.Bg4 Bxg4 37.Nxg4 Ra8
38.Rxa8 Qxa8 39.Qc5 Qb7 40.Na2 Qb6 41.Qa3 Qd4 42.Qc1 Qb6 43.Qc2 b4 44.Nc1 Nb5
45.Qa4 Nd6 46.Qc2 Nb5 47.Kg2 Nd4 48.Qa4 b3 49.Qd7 Ng8 50.Nd3 b2 51.d6 cxd6
52.h5 h6 53.Nxb2 Qxb2 54.Qxd6 Qe2 55.Ne3 Qf3+ 56.Kf1 Qh1+  0-1

[Event "6th Amplico AIG Life"]
[Site "Warsaw POL"]
[Date "2006.12.16"]
[Round "7"]
[White "Zagorskis,D"]
[Black "Adamski,J"]
[Result "1-0"]
[WhiteElo "2468"]
[BlackElo "2355"]

1.d4 Nf6 2.Nf3 e6 3.c4 Bb4+ 4.Bd2 Qe7 5.g3 Nc6 6.Nc3 Bxc3 7.Bxc3 Ne4 8.Rc1 d6
9.d5 Nxc3 10.Rxc3 Nb8 11.dxe6 fxe6 12.Bg2 O-O 13.O-O c6 14.Qd2 Nd7 15.Rd1 Nc5
16.Re3 Rd8 17.b4 Na6 18.a3 Qf6 19.Rd3 d5 20.e4 Nc7 21.Ne1 Re8 22.cxd5 exd5
23.exd5 Nxd5 24.Bxd5+ cxd5 25.Rxd5 Bg4 26.Rd6 Qf7 27.f3 Bxf3 28.Rd7 Qf6 29.Nxf3 Qxf3
30.Qd4 Qe3+ 31.Qxe3 Rxe3 32.Rxb7 Rxa3 33.Rdd7  1-0

[Event "Sub-Zt 2.3.4"]
[Site "Bogota COL"]
[Date "2006.12.20"]
[Round "4"]
[White "Guerrero,JuC"]
[Black "Zuluaga,C"]
[Result "1-0"]
[WhiteElo "2073"]
[BlackElo "2278"]

1.d4 Nf6 2.c4 e6 3.Nf3 Bb4+ 4.Bd2 Qe7 5.g3 b6 6.Bg2 Bb7 7.O-O Bxd2 8.Nbxd2 O-O
9.Qc2 d6 10.e4 e5 11.d5 a5 12.Nh4 g6 13.Rae1 Nh5 14.Qd1 Ng7 15.Bh3 Nd7 16.f4 exf4
17.Bxd7 Qxd7 18.Rxf4 Rae8 19.Nhf3 f6 20.Nd4 g5 21.Rf2 Qf7 22.g4 Qg6 23.Qf3 Bc8
24.Nf1 h5 25.h3 h4 26.Nd2 Bd7 27.Ref1 Re5 28.Qc3 Re7 29.Nb5 Bxb5 30.Rxf6 Rxf6
31.Rxf6 Qe8 32.cxb5 Qxb5 33.Kf2 Qc5+ 34.Qxc5 bxc5 35.Ke3 Re8 36.Rf2 Kh7 37.Rf7 Rc8
38.Nc4 Kg6 39.Rd7 a4 40.e5 dxe5 41.Nxe5+ Kh6 42.Kd3 Rb8 43.Rxc7 Rxb2 44.d6  1-0

[Event "44th National A ch-IND"]
[Site "Atul IND"]
[Date "2006.12.22"]
[Round "6"]
[White "Suvrajit,S"]
[Black "Swapnil,SD"]
[Result "1-0"]
[WhiteElo "2356"]
[BlackElo "2209"]

1.d4 Nf6 2.Nf3 e6 3.c4 Bb4+ 4.Bd2 Qe7 5.Nc3 Bxc3 6.Bxc3 Ne4 7.Rc1 b6 8.e3 Bb7
9.Bd3 d6 10.O-O Nd7 11.Be1 O-O 12.Qc2 f5 13.Nd2 Ndf6 14.f3 Nxd2 15.Bxd2 c5
16.Bc3 g6 17.b4 e5 18.bxc5 bxc5 19.dxe5 dxe5 20.Be2 Nd7 21.Rfd1 Nb6 22.Qd2 Rfd8
23.Qe1 Bc6 24.Ba1 h6 25.Qg3 Kh7 26.Bxe5 Ba4 27.Rxd8 Rxd8 28.f4 Rd2 29.Qe1 Rxa2
30.Bf3 Qd7 31.Qh4 Qf7 32.Qd8 Be8 33.Bc6 Nd7 34.Bd5 Qf8 35.Rb1 Ra6 36.Rb7 h5
37.Rxd7+ Bxd7 38.Qxf8  1-0

[Event "Sub-Zt 2.3.4"]
[Site "Bogota COL"]
[Date "2006.12.22"]
[Round "8"]
[White "Vittorino,C"]
[Black "Morales,Jo"]
[Result "0-1"]
[WhiteElo "2328"]
[BlackElo "2350"]

1.d4 Nf6 2.c4 e6 3.Nf3 Bb4+ 4.Bd2 a5 5.g3 O-O 6.Bg2 d5 7.Qc2 dxc4 8.Qxc4 Qd5
9.Qxd5 exd5 10.O-O Nc6 11.Bf4 Bg4 12.a3 Be7 13.Rd1 Rfc8 14.Nc3 Nd8 15.Ne5 Be6
16.Rac1 a4 17.h3 c6 18.g4 h6 19.Bg3 h5 20.f3 g6 21.g5 Ne8 22.h4 Nc7 23.e3 Ra5
24.Bf1 Ne8 25.Bd3 c5 26.Ne2 c4 27.Bb1 Rb5 28.Rd2 Nc6 29.Nc3 Nxe5 30.Bxe5 Ra5
31.e4 dxe4 32.fxe4 Rxe5 33.dxe5 Bc5+ 34.Kg2 Be3 35.Rcd1 Bxd2 36.Rxd2 Rc5
37.Rd8 Kf8 38.Nd5 Bxd5 39.Rxd5 Rc6 40.Rb5 c3 41.bxc3 Rxc3 42.Rxb7 Rxa3 43.Bc2 Ra2
44.Kf3 Rxc2  0-1

[Event "Weihnachtsopen Masters"]
[Site "Zurich SUI"]
[Date "2006.12.28"]
[Round "4"]
[White "Pelletier,Y"]
[Black "Zude,A"]
[Result "1-0"]
[WhiteElo "2588"]
[BlackElo "2410"]

1.d4 Nf6 2.c4 e6 3.Nf3 Bb4+ 4.Bd2 Qe7 5.g3 Nc6 6.Nc3 Bxc3 7.Bxc3 Ne4 8.Rc1 d6
9.d5 Nxc3 10.Rxc3 Nb8 11.Bg2 O-O 12.O-O e5 13.b4 Bg4 14.Nd2 a5 15.Ra3 Na6
16.bxa5 Ra7 17.Nb3 Rfa8 18.Qd2 h6 19.Rc1 b6 20.axb6 cxb6 21.Be4 Nc5 22.Rxa7 Qxa7
23.Bb1 Qa3 24.f3 Bd7 25.Qc3 Ra4 26.Kf2 Qb4 27.Nd2 Kf8 28.g4 Ke7 29.h4 Qxc3
30.Rxc3 Rb4 31.Ke1 g6 32.Kd1 h5 33.gxh5 gxh5 34.Bc2 Ba4 35.Bb3 b5 36.Kc2 Kd7
37.e3 bxc4 38.Rxc4 Bxb3+ 39.axb3 Rb8 40.f4 f6 41.Kc3 e4 42.f5 Rb5 43.Rb4 Ra5
44.Rd4 Ra1 45.Nxe4 Nxe4+ 46.Rxe4 Rc1+ 47.Kd2 Rf1 48.Rf4 Rh1 49.Ra4 Rf1 50.Ra7+ Ke8
51.e4 Rf4 52.Ke3 Rxh4 53.Rh7 Kf8 54.b4 Kg8 55.Rd7 Rh1 56.Rxd6 Kg7 57.Ra6 h4
58.Ra2 h3 59.Rc2 Kf7 60.Kd4 Ke7 61.Kc5 Kd7 62.Rc3 h2 63.Rc2 Kc7 64.b5  1-0

[Event "XVII Cracovia A"]
[Site "Krakow POL"]
[Date "2006.12.30"]
[Round "4"]
[White "Szymanska,M"]
[Black "Meyer,L"]
[Result "1/2-1/2"]
[WhiteElo "2191"]
[BlackElo "2291"]

1.d4 Nf6 2.c4 e6 3.Nf3 Bb4+ 4.Bd2 c5 5.Bxb4 cxb4 6.g3 b6 7.Bg2 Bb7 8.O-O O-O
9.a3 bxa3 10.Rxa3 d6 11.Nc3 Nbd7 12.Qd3 Qe7 13.Nd2 Bxg2 14.Kxg2 a5 15.e4 e5
16.Nb5 Rfd8 17.f3 Nf8 18.Rd1 Ne6 19.Nf1 Nc7 20.Nxc7 Qxc7 21.Ne3 g6 22.Qd2 Rac8
23.Rd3 Re8 24.dxe5 dxe5 25.Rd6 Re6 26.Rxe6 fxe6 27.Qd6 Kf7 28.Qxc7+ Rxc7
29.Rd6 Rb7 30.Rc6 Ke7 31.Rc8 Rd7 32.c5 Rd2+ 33.Kh3 bxc5 34.Rxc5 Rxb2 35.Rxa5 Rb3
36.Ra7+ Ke8 37.Ng4 Nd7 38.Kg2 Rb2+ 39.Kg1 Rb1+ 40.Kg2 Rb2+ 41.Kg1  1/2-1/2

[Event "XVII Cracovia A"]
[Site "Krakow POL"]
[Date "2006.12.31"]
[Round "6"]
[White "Jedynak,R"]
[Black "Rybak,T"]
[Result "1-0"]
[WhiteElo "2559"]
[BlackElo "2247"]

1.d4 Nf6 2.c4 e6 3.Nf3 Bb4+ 4.Bd2 Qe7 5.Nc3 Bxc3 6.Bxc3 Ne4 7.Rc1 O-O 8.g3 d6
9.Bg2 Nd7 10.Ba5 Ndf6 11.O-O b6 12.Bb4 c5 13.Ba3 Bb7 14.Ne1 Nd7 15.f3 Nef6
16.e4 e5 17.d5 g6 18.b3 h5 19.h4 Ne8 20.Bb2 Ng7 21.Nd3 f5 22.Qd2 fxe4 23.fxe4 Kh7
24.Qg5 Qxg5 25.hxg5 Rxf1+ 26.Rxf1 Rf8 27.Rxf8 Nxf8 28.Nxe5 dxe5 29.Bxe5 Bc8
30.Bb8 Nd7 31.Bxa7 Ne8 32.Bh3 Nd6 33.Bxd7 Bxd7 34.e5  1-0

[Event "13th Festival A"]
[Site "Zupanja CRO"]
[Date "2007.01.09"]
[Round "9"]
[White "Zaja,I"]
[Black "Arsovic,Z"]
[Result "1-0"]
[WhiteElo "2458"]
[BlackElo "2457"]

1.d4 Nf6 2.c4 e6 3.Nf3 Bb4+ 4.Bd2 Qe7 5.g3 Nc6 6.Nc3 O-O 7.Bg2 a5 8.O-O d6
9.Rc1 h6 10.Be3 Bxc3 11.Rxc3 e5 12.d5 Nb4 13.a3 Na6 14.Qc2 Bd7 15.b3 Ng4
16.Bc1 e4 17.Nd4 f5 18.f3 Nf6 19.Re3 Rae8 20.Qc3 b6 21.b4 axb4 22.axb4 Nb8
23.Bb2 c5 24.dxc6 Nxc6 25.fxe4 Nxe4 26.Nxf5 Bxf5 27.Bxe4 Bxe4 28.Rxe4 Rxf1+
29.Kxf1 Qf7+ 30.Rf4 Qg6 31.Qd2 Kh8 32.Kg2 Ne5 33.Bxe5 dxe5 34.Rf3 e4 35.Rf4 e3
36.Qd7 Ra8 37.Qd5 Re8 38.c5 bxc5 39.bxc5 Qc2 40.Qc4 Qg6 41.c6 Rc8 42.c7 Qb6
43.Rf7 Qb7+ 44.Kh3  1-0

[Event "zt 3.3"]
[Site "Phu Quoc VIE"]
[Date "2007.01.11"]
[Round "1"]
[White "Pham Chuong"]
[Black "Antonio,R"]
[Result "1/2-1/2"]
[WhiteElo "2322"]
[BlackElo "2551"]

1.d4 Nf6 2.Nf3 e6 3.c4 Bb4+ 4.Bd2 Qe7 5.g3 Nc6 6.Bg2 Bxd2+ 7.Nbxd2 d6 8.O-O a5
9.e4 e5 10.d5 Nb8 11.Qc2 O-O 12.b3 Na6 13.a3 c6 14.Qc3 Bd7 15.Nh4 Qd8 16.Rfe1 Qb6
17.Qe3 Qxe3 18.Rxe3 Rfc8 19.Nf5 Bxf5 20.dxc6 bxc6 21.exf5 Rab8 22.h3 h5 23.Rd1 Nc5
24.Rb1 Ncd7 25.Ne4 Nxe4 26.Bxe4 Nf6 27.Bf3 Rb6 28.c5 dxc5 29.Rc1 e4 30.Bxe4 Re8
31.f3 h4 32.gxh4 Nd5 33.Rd3 Nf4 34.Re3 a4 35.bxa4 Rb2 36.Kf1 Rh2 37.Kg1 Ra2
38.Kf1 Rh2 39.Kg1 Re2 40.Rec3 Ra2 41.Bd3 Nxh3+ 42.Kh1 Nf2+ 43.Kg1 Nxd3 44.Rxd3 Ree2
45.Rdc3 Rg2+ 46.Kh1 Rh2+ 47.Kg1 Rxh4 48.a5 Ra4 49.Rxc5 R4xa3 50.R1c3 Rxa5
51.Rxa5 Rxa5 52.Rxc6 Rxf5 53.Kf2 g6 54.Kg3 Kg7 55.Kg4 Ra5 56.Rc7 Ra4+ 57.Kg5 Rb4
58.Ra7 Rb5+ 59.Kg4 Rf5 60.Rb7 Kh6 61.Ra7 Rg5+ 62.Kf4 Rf5+ 63.Kg4 Rf6 64.f4 Kg7
65.Rc7 Ra6 66.Rb7 Ra1 67.Rc7 Rg1+ 68.Kf3 Re1 69.Kg4 Kf6 70.Rc6+ Re6 71.Rc7 Re7
72.Rc6+ Kg7 73.f5 Re4+ 74.Kf3 gxf5 75.Ra6 Re6 76.Ra7 Kf6 77.Ra1 Rb6 78.Re1 Rb3+
79.Kf4 Rb4+ 80.Kf3 Kg5 81.Rg1+ Rg4 82.Ra1 Rf4+ 83.Kg3 Re4 84.Kf2 f4  1/2-1/2

[Event "TCh-NOR 2006-7"]
[Site "Oslo NOR"]
[Date "2007.01.14"]
[Round "6"]
[White "Thorstensen,T"]
[Black "Mork,K"]
[Result "1-0"]
[WhiteElo "2244"]
[BlackElo "2277"]

1.d4 Nf6 2.Nf3 e6 3.c4 Bb4+ 4.Bd2 Qe7 5.Bxb4 Qxb4+ 6.Qd2 Qxd2+ 7.Nbxd2 d6
8.g3 Nc6 9.Bg2 e5 10.e3 O-O 11.O-O a5 12.a3 a4 13.b4 axb3 14.Rfb1 exd4 15.Nxd4 Na5
16.N4xb3 Nxb3 17.Nxb3 Nd7 18.Nd4 Nc5 19.Nb5 Na6 20.a4 Rd8 21.Rd1 Kf8 22.Rd4 Re8
23.Rb1 Rb8 24.a5 Be6 25.Rb2 Ke7 26.Nc3 Nc5 27.Ne4 Nxe4 28.Bxe4 c6 29.Rb6 Kd7
30.c5 d5 31.Bc2 Kc7 32.Rdb4 Bd7 33.Kg2 h6 34.h4 Rf8 35.Kf3 Rfe8 36.Kf4 Rf8
37.Bf5 Bxf5 38.Kxf5 Rfe8 39.h5 Rg8 40.g4 Rge8 41.Rb3 Rg8 42.f4 Rgd8 43.R6b4 Rg8
44.g5 hxg5 45.fxg5 g6+ 46.Kf6 gxh5 47.a6 Rg6+ 48.Kxf7 Rxg5 49.a7 Rf5+ 50.Kg6 Rbf8
51.Rxb7+  1-0

[Event "ch-CUB Open"]
[Site "Santa Clara CUB"]
[Date "2007.01.14"]
[Round "5"]
[White "Almeida,O"]
[Black "Alvarez Pedraza,A"]
[Result "1/2-1/2"]
[WhiteElo "2498"]
[BlackElo "2445"]

1.d4 Nf6 2.c4 e6 3.Nf3 Bb4+ 4.Bd2 Qe7 5.g3 Nc6 6.Bg2 Bxd2+ 7.Nbxd2 O-O 8.O-O d6
9.e4 a5 10.Rc1 e5 11.d5 Nb4 12.a3 Nd3 13.Rc3 Nc5 14.Ne1 a4 15.Qc2 c6 16.Nd3 Nxd3
17.Rxd3 Nd7 18.f4 Nc5 19.Re3 f6 20.f5 Bd7 21.g4 Rfc8 22.Qd1 Qd8 23.Kh1 Be8
24.Rg3 cxd5 25.cxd5 Bb5 26.Rff3 Qb6 27.Qg1 Qa5 28.Qd1 Rc7 29.Rc3 Rac8 30.Bf1 Qb6
31.Bxb5 Qxb5 32.Qc2 Qe2 33.Rg2 Qe1+ 34.Rg1 Qf2 35.Rg2 Qd4 36.Rgg3 h6 37.Kg2 b5
38.h4 Kf8 39.Rh3  1/2-1/2

[Event "Stone Flower A"]
[Site "Nizhnij Tagil RUS"]
[Date "2007.01.15"]
[Round "1"]
[White "Zhumabayev,R"]
[Black "Maletin,P"]
[Result "0-1"]
[WhiteElo "2421"]
[BlackElo "2527"]

1.d4 Nf6 2.c4 e6 3.Nf3 Bb4+ 4.Bd2 c5 5.Bxb4 cxb4 6.g3 O-O 7.Bg2 d6 8.O-O Re8
9.a3 Nc6 10.axb4 Nxb4 11.Nc3 Bd7 12.Qd2 a5 13.Qf4 Qe7 14.Qh4 b6 15.b3 Rac8
16.Rac1 Bc6 17.Rfd1 Qb7 18.d5 exd5 19.Nd4 Re5 20.Nxc6 Qxc6 21.cxd5 Qe8 22.e3 Rc5
23.Qd4 Qc8 24.Qd2 Re7 25.Na4 Rxc1 26.Rxc1 Rc7 27.Rxc7 Qxc7 28.Qd4 Nd7 29.Bf1 Nc5
30.Qc4 g6 31.Nc3 Qe7 32.Bg2 Qe5 33.Nb5 Qb2 34.Bf1 Qxb3 35.Nxd6 Qxc4 36.Bxc4 a4
37.Nb5 Ne4 38.d6 Kf8 39.Bf1 Nd2 40.Bg2 f5 41.g4 Nb1 42.gxf5 gxf5 43.Bh3 a3
44.Nxa3 Nxa3 45.Bxf5 h6 46.e4 Nc4 47.d7 Ke7 48.f4 Nd3 49.Be6 Nd6 50.e5 Nb7
51.Bf5 Nxf4 52.Kf2 Nc5 53.Kg3 Nfe6 54.Kg4 Nxd7 55.Bb1 Nxe5+ 56.Kh5 Nf7 57.Kg6 Nf4+
58.Kg7 h5 59.Bc2 b5 60.Bb3 Ne5 61.Bc2 b4 62.Ba4 h4  0-1

[Event "Stone Flower A"]
[Site "Nizhnij Tagil RUS"]
[Date "2007.01.17"]
[Round "3"]
[White "Zhumabayev,R"]
[Black "Lysyj,I"]
[Result "1/2-1/2"]
[WhiteElo "2421"]
[BlackElo "2576"]

1.d4 Nf6 2.c4 e6 3.Nf3 Bb4+ 4.Bd2 c5 5.Bxb4 cxb4 6.g3 O-O 7.Bg2 d6 8.O-O Nc6
9.a3 bxa3 10.Nxa3 e5 11.Nb5 a6 12.dxe5 dxe5 13.c5 Bh3 14.Bxh3 axb5 15.Rxa8 Qxa8
16.e3 Rd8 17.Qc2 Qa4 18.Rc1 e4 19.Ne1 Ne5 20.Qc3 Qc4 21.Bf1 Qxc3 22.bxc3 Rd2
23.Rb1 h5 24.h3 Nfd7 25.Rxb5 Rd1 26.Nc2 Nf3+ 27.Kg2 Nde5 28.Rxb7 Rc1 29.Nd4 Ne1+
30.Kg1 N1f3+ 31.Kg2 Ne1+  1/2-1/2

[Event "GM"]
[Site "Marianske Lazne CZE"]
[Date "2007.01.19"]
[Round "1"]
[White "Voloshin,L"]
[Black "Shkapenko,P"]
[Result "1/2-1/2"]
[WhiteElo "2446"]
[BlackElo "2382"]

1.d4 Nf6 2.Nf3 e6 3.c4 Bb4+ 4.Bd2 Qe7 5.g3 Nc6 6.Bg2 Bxd2+ 7.Nbxd2 d6 8.O-O a5
9.e4 e5 10.d5 Nb8 11.b3 O-O 12.a3 Na6 13.Qc2 Bg4 14.h3 Bxf3 15.Bxf3 c6 16.Qb2 Rfb8
17.Rfc1 Nc7 18.Be2 c5 19.Qc2 b5 20.Kg2 b4 21.a4 Rf8  1/2-1/2

[Event "75th Ambelokipi Open"]
[Site "Athens GRE"]
[Date "2007.01.20"]
[Round "3"]
[White "Efthimiou,G"]
[Black "Papahristoudis,A"]
[Result "1/2-1/2"]
[WhiteElo "1874"]
[BlackElo "2111"]

1.d4 Nf6 2.c4 e6 3.Nf3 Bb4+ 4.Bd2 a5 5.g3 d6 6.Bg2 O-O 7.O-O Nbd7 8.Bg5 a4
9.a3 Ba5 10.Qxa4 c5 11.Qc2 h6 12.Bxf6 Qxf6 13.e3 b5 14.Ng5 hxg5 15.Bxa8 cxd4
16.exd4 Nb6 17.Bg2 Nxc4 18.Nc3 Bd7 19.b3 Qxd4 20.Ne2 Qd2 21.Qxd2 Nxd2 22.Rfd1 Nxb3
23.Rab1 Nd2 24.Rbc1 d5 25.Nd4 Nc4 26.Nc2 Ra8 27.Rb1 Bb6 28.Bf1 Bc5 29.Rb3 b4
30.axb4 Be7 31.Bxc4 dxc4 32.Ra3 Rxa3 33.Nxa3 Bxb4 34.Rxd7 Bxa3 35.Rc7 g6
36.Rxc4 Kg7 37.Rc7 Bb2 38.h3 Bd4 39.Kg2 Bb6 40.Rb7 Bd4 41.f3 Kf6 42.g4 Be3
43.Kf1 Bf4 44.Ke2 Bg3 45.Kd3 Bf4 46.Kc4 Bh2 47.Kc5 Bf4 48.Kc6 Bg3 49.Rb5 Ke7
50.Rb7+ Kf6 51.Kd7 Ke5 52.Ke7 f5 53.Kf7 Kf4 54.gxf5 gxf5 55.Kxe6 g4 56.hxg4 fxg4
57.Rb4+ Kxf3 58.Rxg4  1/2-1/2